000 00504nmm a2200157Ia 4500
008 251105s9999||||xx |||||||||||||||||und||
020 _a9789561123908
041 _aspa
100 _aLoreto Nervi, María
245 0 _aIván Núñez Prieto : Trazos y huellas en la educación chilena del siglo XX
264 _a[Santiago de Chile, Chile] :
_bEditorial Universitaria,
_c2014
300 _a215 páginas
650 _aEducation
856 _uhttps://public.digitaliapublishing.com/a/46619
942 _cCF
999 _c94096
_d94096